=LDR 00000nam 2200000 4500 =001 INLIS000000000043914 =005 20131008103951 =008 ***********************************ind** =035 ##$$0010-101300000001836 =041 ##$$a ind =082 ##$$a 646.404 =090 ##$$a 646.404, Dew b =100 ##$$a Dewi, Heidy Purnama =245 ##$$a Busana bergaya muslim untuk remaja feminim dan masbulin, Heidy Purnama Dewi =260 ##$$a 2003 $b Jakarta =300 ##$$a viii, 76 hlm, ilus, 28 cm =650 ##$$a Pakaian Wanita - Muslim =850 ##$$a NBPNMAT =990 ##$$a 0001/BPAP-NTB/20142015